000 01153nam a2200289 a 4500
005 20191217041706.0
008 140304b2001 cl ||||| |||| 00| 0 spa d
040 _aCO-BoIAVH
_cCO-BoIAVH
041 0 _aspa
044 _abo
082 0 4 _a333.9516028
_bT14p
111 1 _aTaller Regional de Bioseguridad
_cEstrategia Regional de Biodiversidad de los Paises Andinos
_d2001
_n1
245 1 0 _aPropuesta para la formulación de la estrategia regional de bioseguridad :
_bdocumento de discusión
260 _aSanta Cruz (Bolivia) :
_bGTZ :
_bFUNDECO :
_bInstituto de Ecología,
_c2001.
300 _a55 páginas ;
_c28 x 22 cm.
650 2 6 _aBioseguridad
_xConservación de la diversidad biológica
_vCongresos, conferencias,etc.
650 2 6 _aBiotecnología
_xConservación de la diversidad biológica
_vCongresos, conferencias,etc.
651 _aAmérica Latina
_zRegión andina
662 _aBolivia
662 _aColombia
662 _aEcuador
662 _aPerú
662 _aVenezuela
710 2 _aCooperación Técnica Alemana - GTZ,
710 2 _aInstituto de ecología
942 _cLIBRO
_2ddc
999 _c2171
_d2171